Sustainable residential development : (Record no. 531943)

000 -LEADER
fixed length control field 01358cam a2200289 a 4500
001 - CONTROL NUMBER
control field 14848805
005 - DATE AND TIME OF LATEST TRANSACTION
control field 20191104161408.0
008 - FIXED-LENGTH DATA ELEMENTS--GENERAL INFORMATION
fixed length control field 070514s2007 nyua b 001 0 eng
010 ## - LIBRARY OF CONGRESS CONTROL NUMBER
LC control number 2007020264
020 ## - INTERNATIONAL STANDARD BOOK NUMBER
International Standard Book Number 0071479619 (alk. paper)
020 ## - INTERNATIONAL STANDARD BOOK NUMBER
International Standard Book Number 9780071479615 (alk. paper)
040 ## - CATALOGING SOURCE
Transcribing agency DLC
082 00 - DEWEY DECIMAL CLASSIFICATION NUMBER
Classification number 307
Author Mark FRI
100 1# - MAIN ENTRY--PERSONAL NAME
Personal name Friedman, Avi,
Dates associated with a name 1952-
9 (RLIN) 25129
245 10 - TITLE STATEMENT
Title Sustainable residential development :
Remainder of title planning and design for green neighborhoods /
Statement of responsibility, etc. Avi Friedman.
260 ## - PUBLICATION, DISTRIBUTION, ETC.
Place of publication, distribution, etc. New York :
Name of publisher, distributor, etc. McGraw-Hill,
Date of publication, distribution, etc. c2007.
300 ## - PHYSICAL DESCRIPTION
Extent xiv, 288 p. :
Other physical details ill. ;
Dimensions 26 cm.
504 ## - BIBLIOGRAPHY, ETC. NOTE
Bibliography, etc. note Includes bibliographical references (p. 269-277) and index.
505 0# - FORMATTED CONTENTS NOTE
Formatted contents note Fundamental terms and principles -- The rise of suburbia -- Siting a community -- High-density neighborhoods -- Green homes -- Urban and dwelling renewal -- Implementing sustainability.
650 #0 - SUBJECT ADDED ENTRY--TOPICAL TERM
Topical term or geographic name entry element Ecological houses
General subdivision Design and construction.
9 (RLIN) 25130
650 #0 - SUBJECT ADDED ENTRY--TOPICAL TERM
Topical term or geographic name entry element Sustainable engineering.
9 (RLIN) 5719
650 #0 - SUBJECT ADDED ENTRY--TOPICAL TERM
Topical term or geographic name entry element Planned communities.
9 (RLIN) 25131
856 42 - ELECTRONIC LOCATION AND ACCESS
Materials specified Contributor biographical information
Uniform Resource Identifier <a href="http://www.loc.gov/catdir/enhancements/fy0726/2007020264-b.html">http://www.loc.gov/catdir/enhancements/fy0726/2007020264-b.html</a>
856 42 - ELECTRONIC LOCATION AND ACCESS
Materials specified Publisher description
Uniform Resource Identifier <a href="http://www.loc.gov/catdir/enhancements/fy0726/2007020264-d.html">http://www.loc.gov/catdir/enhancements/fy0726/2007020264-d.html</a>
856 41 - ELECTRONIC LOCATION AND ACCESS
Materials specified Table of contents only
Uniform Resource Identifier <a href="http://www.loc.gov/catdir/enhancements/fy0726/2007020264-t.html">http://www.loc.gov/catdir/enhancements/fy0726/2007020264-t.html</a>
942 ## - ADDED ENTRY ELEMENTS (KOHA)
Source of classification or shelving scheme
Koha item type Book
Holdings
Withdrawn status Lost status Source of classification or shelving scheme Damaged status Not for loan Permanent Location Current Location Date acquired Total Checkouts Full call number Barcode Date last seen Date last checked out Price effective from Koha item type
          School of Civil and Environmental Engineering (SCEE) School of Civil and Environmental Engineering (SCEE) 11/04/2019 1 307 FRI NIT-11911 01/13/2020 11/04/2019 11/04/2019 Book
© 2023 Central Library, National University of Sciences and Technology. All Rights Reserved.